| 000 | 01848nam0a2200349 4500 | ||
|---|---|---|---|
| 001 | RU\NLR\bibl\1860006 | ||
| 005 | 20260405093821.0 | ||
| 010 |
_a978-5-9978-0399-5 _9150 |
||
| 021 |
_aRU _b2011-106137 _97593 |
||
| 035 | _a(NLR Aleph) 001849910 | ||
| 090 |
_a2387516 _c2387516 |
||
| 100 | _a20120124d2011 |||y0rusy50 ca | ||
| 101 | 0 |
_arus _ager |
|
| 102 | _aRU | ||
| 105 | _aa ||||||||| | ||
| 200 | 1 |
_aИностранный язык (немецкий). Deutsch in Alltag und Beruf. Немецкий язык в повседневном и профессиональном общении _eучебное пособие _fО.С. Кузнецова _gМ-во образования и науки Рос. Федерации, Гос. образоват. учреждение высш. проф. образования "С.-Петерб. гос. инж.-экон. ун-т" |
|
| 210 |
_aСанкт-Петербург _cСПбГИЭУ _d2011 |
||
| 215 |
_a208 с. _cил. _d20 |
||
| 300 | _aВ конце кн. авт.: Кузнецова О.С. - к.филол.н., доц. | ||
| 300 | _aПосвящ. 105-летию Ун-та ИНЖЭКОН | ||
| 320 | _aБиблиогр.: с. 206-208 (27 назв.) | ||
| 517 | 0 | _aDeutsch in Alltag und Beruf | |
| 517 | 0 | _aНемецкий язык в повседневном и профессиональном общении | |
| 606 | 1 |
_aНемецкий язык _xУчебные издания для экономистов _92396216 _3RU\NLR\auth\661428661 |
|
| 686 | _aШ143.24-93рус329.3 | ||
| 700 | 1 |
_4070 _7ca _8rus _aКузнецова _bО. С. _cканд. филол. наук _gОльга Сергеевна _917673 _3RU\NLR\auth\7734670 |
|
| 801 | 0 |
_aRU _bNLR _c20120124 _gRCR |
|
| 801 | 1 |
_aRU _bNLR _c20120124 |
|
| 942 | _cBOOK | ||
| 980 | _aNB | ||
| 980 | _aNBR | ||